Datum a čas kvízu
20
Celkem bodů
Celkový počet nahraných bodů na tomto kvízu bez doplňovacích otázek.
9.
Pořadí na kvízu
Konečné umístění týmu na tomto kvízu.
Zaznamenané odpovědi
| # | Otázka | Odpověď | Body | Výsledky |
|---|---|---|---|---|
| 1. | Který 63letý muž se ve čtvrtek... | Jiří Kajínek | 0 | |
| 2. | Vědci představili revoluční zp... | hlavy | 0 | |
| 3. | Která hollywoodská herečka si... | Scarlett Johansson | 0 | |
| 4. | Minulý týden byl oznámen konec... | ICQ | 1 | |
| 5. | „Bohužel nemám dobré zprávy. K... | Patrik Kincl | 0 | |
| 6. | Jak se nazývají dva nejdůležit... | Franská říše, Byzantská (Východořímská) říše | 0 | |
| 7. | Jak se jmenoval významný střed... | Magna Carta (Magna charta libertatum) | 1 | |
| 8. | Kdo byl zakladatelem a prvním... | Bořivoj | 0 | |
| 9. | Vytvořte z těchto středověkých... | 1A 2D 3B 4C | 0 | |
| 10. | Závěrem tématu se podíváme na... | tulipán | 0 |